00438nam a2200181Ia 4500008004100000020001800041245002300059245003100082260001500113260001600128260000900144300001500153300002500168300001000193440002600203500000800229999001900237170705s9999 xx 000 0 und d a9780590257213 aInside a beehive / cJoanna Cole & Bruce Degen. aNew York : bScholastic, c1996 a47 pages : bcolor illustration ; c22cm. aThe magic school bus. a520 c336048d336048